The Rent Act 1957 and other legislation dealing with controlled tenancies and furnished lettings in England, Scotland and Wales and long tenancies in England and Wales (Record no. 116106)

MARC details
000 -LEADER
fixed length control field 00807cam a22002055a 4500
001 - CONTROL NUMBER
control field L159783
008 - FIXED-LENGTH DATA ELEMENTS--GENERAL INFORMATION
fixed length control field 171221s1957 xxk f 000 0 eng d
035 ## - SYSTEM CONTROL NUMBER
System control number (Sirsi) u159783
041 0# - LANGUAGE CODE
Language code of text/sound track or separate title eng
100 1# - MAIN ENTRY--PERSONAL NAME
Personal name Steel, Robert
245 04 - TITLE STATEMENT
Title The Rent Act 1957 and other legislation dealing with controlled tenancies and furnished lettings in England, Scotland and Wales and long tenancies in England and Wales
260 ## - PUBLICATION, DISTRIBUTION, ETC.
Place of publication, distribution, etc. London
Name of publisher, distributor, etc. RICS
Date of publication, distribution, etc. 1957
300 ## - PHYSICAL DESCRIPTION
Extent xii, 164p; 22 cm
520 ## - SUMMARY, ETC.
Summary, etc. A commentary on the Rent Act 1957 and other legislaiton dealing with controlled tenancies an furnished lettings in England, Scotland and Wales and long tenancies in England and Wales.
590 ## - LOCAL NOTE (RLIN)
Local note KA
650 24 - SUBJECT ADDED ENTRY--TOPICAL TERM
Topical term or geographic name entry element RENT ACT 1977
651 #4 - SUBJECT ADDED ENTRY--GEOGRAPHIC NAME
Geographic name ENGLAND AND WALES
690 ## - LOCAL SUBJECT ADDED ENTRY--TOPICAL TERM (OCLC, RLIN)
Topical term or geographic name as entry element Landlord and tenant
9 (RLIN) 6252
942 ## - ADDED ENTRY ELEMENTS (KOHA)
Suppress in OPAC 0
Holdings
Withdrawn status Lost status Source of classification or shelving scheme Damaged status Not for loan Home library Current library Shelving location Date acquired Total Checkouts Full call number Barcode Date last seen Copy number Price effective from Koha item type
    Dewey Decimal Classification     London London Basement 21/12/2017   BASEMENT 50014374 06/08/2019 1 06/08/2019 Book